100 Largest Cities in France with Exceptions - Statistics

General Stats
  • This quiz has been taken 1,265 times
  • The average score is 46 of 100
Answers on the Map
Answers color-coded by a green-red scale on the quiz's map according to % correct below.
 
Answer Stats
City Population % Correct
Marseille 870,731
97%
Bordeaux 260,958
96%
Lyon 522,969
96%
Nice 342,669
96%
Strasbourg 287,228
92%
Toulouse 493,465
92%
Lille 234,475
91%
Nantes 318,808
90%
Montpellier 295,542
85%
Brest 139,926
81%
Rennes 220,488
81%
Dijon 158,002
79%
Calais 72,509
77%
Le Havre 168,290
77%
Ajaccio 71,361
75%
Reims 181,194
75%
Cannes 74,545
73%
Grenoble 158,198
73%
Rouen 112,321
71%
Nancy 105,058
69%
Orléans 116,269
69%
Saint-Étienne 173,821
68%
Caen 106,230
67%
Dunkirk 86,279
67%
Toulon 178,745
67%
Avignon 91,143
64%
Tours 137,087
64%
Metz 118,489
63%
Nîmes 148,561
63%
Cayenne 65,493
62%
Clermont-Ferrand 147,865
60%
Le Mans 143,847
60%
Perpignan 119,344
60%
Amiens 134,706
59%
Aix-en-Provence 145,133
58%
Angers 155,850
56%
Limoges 130,876
56%
La Roche-sur-Yon 55,147
55%
Mulhouse 108,312
53%
Annecy 130,721
52%
Pau 75,627
51%
Cherbourg-en-Cotentin 78,549
50%
Saint-Denis 153,810
50%
La Rochelle 77,205
49%
Quimper 63,283
49%
Bastia 48,503
47%
Poitiers 89,212
47%
Besançon 117,912
46%
Carcassonne 46,825
44%
Colmar 68,682
44%
Nouméa 94,285
44%
Bayonne 51,894
41%
Troyes 61,957
41%
Saint-Malo 46,803
40%
Villeurbanne 152,212
40%
Arles 50,454
37%
Fort-de-France 76,512
37%
Roubaix 98,828
37%
Lorient 57,246
36%
Narbonne 55,516
36%
Valence 64,749
36%
Béziers 78,308
34%
Antibes 73,438
33%
Bourges 64,541
33%
Chambéry 58,917
33%
Saint-Nazaire 71,394
33%
Belfort 46,443
31%
Vannes 53,719
31%
Saint-Pierre 84,982
29%
Tourcoing 98,656
29%
Beauvais 57,071
27%
Montauban 61,372
26%
Saint-Paul 103,208
26%
Niort 59,193
25%
Fréjus 54,458
24%
Albi 48,902
23%
Laval 49,733
23%
Mamoudzou 71,437
22%
Charleville-Mézières 46,436
21%
Hyères 54,821
21%
Saint-Quentin 53,570
21%
Évreux 46,349
20%
Vénissieux 67,285
18%
Villeneuve-d'Ascq 61,957
18%
Grasse 48,870
17%
Mérignac 72,197
17%
Pessac 65,245
17%
Le Tampon 79,824
16%
Aubagne 47,535
14%
Cholet 54,037
14%
Martigues 48,574
14%
Saint-Louis 53,120
14%
Cagnes-sur-Mer 52,178
13%
La Seyne-sur-Mer 62,987
13%
Saint-Laurent-du-Maroni 47,621
13%
Les Abymes 53,514
11%
Saint-André 56,902
10%
Vaulx-en-Velin 52,795
10%
Saint-Priest 46,927
9%
Saint-Herblain 47,415
8%
No matching quizzes found
Score Distribution
Percent of People with Each Score
Percentile by Number Answered
Your Score History
You have not taken this quiz